<?xml version="1.0" encoding="UTF-8"?><?xml-stylesheet type="text/xsl" href="static/style.xsl"?><OAI-PMH xmlns="http://www.openarchives.org/OAI/2.0/" xmlns:xsi="http://www.w3.org/2001/XMLSchema-instance" xsi:schemaLocation="http://www.openarchives.org/OAI/2.0/ http://www.openarchives.org/OAI/2.0/OAI-PMH.xsd"><responseDate>2026-04-17T15:59:03Z</responseDate><request verb="GetRecord" identifier="oai:www.recercat.cat:2072/531595" metadataPrefix="marc">https://recercat.cat/oai/request</request><GetRecord><record><header><identifier>oai:recercat.cat:2072/531595</identifier><datestamp>2025-01-03T10:40:25Z</datestamp><setSpec>com_2072_355069</setSpec><setSpec>com_2072_4427</setSpec><setSpec>col_2072_355136</setSpec></header><metadata><record xmlns="http://www.loc.gov/MARC21/slim" xmlns:dcterms="http://purl.org/dc/terms/" xmlns:xsi="http://www.w3.org/2001/XMLSchema-instance" xmlns:doc="http://www.lyncode.com/xoai" xsi:schemaLocation="http://www.loc.gov/MARC21/slim http://www.loc.gov/standards/marcxml/schema/MARC21slim.xsd">
   <leader>00925njm 22002777a 4500</leader>
   <datafield ind2=" " ind1=" " tag="042">
      <subfield code="a">dc</subfield>
   </datafield>
   <datafield ind2=" " ind1=" " tag="720">
      <subfield code="a">Camps, Daniel</subfield>
      <subfield code="e">author</subfield>
   </datafield>
   <datafield ind2=" " ind1=" " tag="720">
      <subfield code="a">Casademont, Jordi</subfield>
      <subfield code="e">author</subfield>
   </datafield>
   <datafield ind2=" " ind1=" " tag="720">
      <subfield code="a">Lopez, Leandro</subfield>
      <subfield code="e">author</subfield>
   </datafield>
   <datafield ind2=" " ind1=" " tag="720">
      <subfield code="a">Mendoza, Charmae</subfield>
      <subfield code="e">author</subfield>
   </datafield>
   <datafield ind2=" " ind1=" " tag="260">
      <subfield code="c">2020-06-01</subfield>
   </datafield>
   <datafield ind2=" " ind1=" " tag="520">
      <subfield code="a">Vehicular communications will foster mobility services and enable mass adoption of future
autonomous vehicles, interchanging huge amount of data acquired from vehicles' sensors.
3GPP Release 14 presents the first standard for supporting V2X in LTE. Several
enhancements are introduced, including a new arrangement of the physical resource grid,
where subchannels are the minimum resource unit instead of Resource Blocks. The resource
grid is defined by several design parameters, some of them with constraints imposed by
3GPP specifications, that affect the maximum message transmission rate and efficiency of the
system. Moreover, the optimum choice of these parameters is closely linked to message
length, which is another variable parameter. This paper provides an analysis of the
relationship between these design parameters (Resource Block per Subchannel, Transport
Block Size Index and Coding rate), message size and system's maximum capacity and
efficiency. In doing so, we do not consider channel reuse or radio transmission characteristics
because the focus of this paper is trying to find the resource grid design parameters that
optimize system capacity, which is a very important aspect to consider by V2X operators.</subfield>
   </datafield>
   <datafield ind1="8" ind2=" " tag="024">
      <subfield code="a">http://hdl.handle.net/2072/531595</subfield>
   </datafield>
   <datafield ind1="8" ind2=" " tag="024">
      <subfield code="a">10.1155/2020/8156908</subfield>
   </datafield>
   <datafield ind2="0" ind1="0" tag="245">
      <subfield code="a">Understanding the impact of the PC5 Resource Grid design on the capacity and efficiency of LTE-V2X in vehicular networks</subfield>
   </datafield>
</record></metadata></record></GetRecord></OAI-PMH>